Capitals of the World Quiz - Statistics

General Stats
  • This quiz has been taken 14 times
  • The average score is 93 of 196
Answers on the Map
Answers color-coded by a green-red scale on the quiz's map according to % correct below.
 
Answer Stats
Capital % Correct
Copenhagen
100%
Mexico City
100%
Washington D.C.
100%
Amsterdam
80%
Ankara
80%
Athens
80%
Bangkok
80%
Beijing
80%
Berlin
80%
Bern
80%
Brussels
80%
Bucharest
80%
Budapest
80%
Dublin
80%
Guatemala City
80%
Havana
80%
Helsinki
80%
Kingston
80%
Kingstown
80%
Kyiv
80%
Lisbon
80%
London
80%
Luxembourg
80%
Madrid
80%
Monaco
80%
Moscow
80%
New Delhi
80%
Oslo
80%
Ottawa
80%
Paris
80%
Reykjavik
80%
Riga
80%
Rome
80%
Santo Domingo
80%
Seoul
80%
Sofia
80%
Stockholm
80%
Tokyo
80%
Tunis
80%
Vatican City
80%
Vienna
80%
Warsaw
80%
Algiers
60%
Andorra la Vella
60%
Baghdad
60%
Bissau
60%
Bogota
60%
Brasilia
60%
Bratislava
60%
Buenos Aires
60%
Cairo
60%
Canberra
60%
Dhaka
60%
Hanoi
60%
Jakarta
60%
Jerusalem
60%
Kathmandu
60%
Minsk
60%
Montevideo
60%
Nassau
60%
Panama City
60%
Port au Prince
60%
Port of Spain
60%
Prague
60%
Pyongyang
60%
Quito
60%
Rabat
60%
Riyadh
60%
San Marino
60%
San Salvador
60%
Sarajevo
60%
Skopje
60%
Sucre/La Paz
60%
Tallinn
60%
Tehran
60%
Tirana
60%
Ulaanbaatar
60%
Valletta
60%
Vilnius
60%
Wellington
60%
Windhoek
60%
Zagreb
60%
Abu Dhabi
40%
Abuja
40%
Accra
40%
Addis Ababa
40%
Amman
40%
Bangui
40%
Banjul
40%
Beirut
40%
Belgrade
40%
Brazzaville
40%
Bridgetown
40%
Caracas
40%
Castries
40%
Chisinau
40%
Damascus
40%
São Tomé and Príncipe
40%
Djibouti
40%
Dodoma
40%
Doha
40%
Freetown
40%
Islamabad
40%
Juba
40%
Kabul
40%
Kampala
40%
Khartoum
40%
Kigali
40%
Kinshasa
40%
Kuala Lumpur
40%
Kuwait City
40%
Libreville
40%
Lima
40%
Ljubljana
40%
Lome
40%
Luanda
40%
Lusaka
40%
Managua
40%
Manila
40%
Maputo
40%
Mbabane
40%
Monrovia
40%
Moroni
40%
Nairobi
40%
Nicosia
40%
Paramaribo
40%
Phnom Penh
40%
Port Louis
40%
Port Moresby
40%
Porto Novo
40%
Pristina
40%
Roseau
40%
Saint George's
40%
Saint John's
40%
San Jose
40%
Santiago
40%
Singapore
40%
Suva
40%
Taipei
40%
Tashkent
40%
Tbilisi
40%
Tripoli
40%
Vaduz
40%
Victoria
40%
Antananarivo
20%
Apia
20%
Ashgabat
20%
Asmara
20%
Astana
20%
Asuncion
20%
Baku
20%
Bamako
20%
Bandar Seri Begawan
20%
Basseterre
20%
Belmopan
20%
Bishkek
20%
Cape Town
20%
Conakry
20%
Dakar
20%
Dili
20%
Dushanbe
20%
Funafuti
20%
Gaborone
20%
Georgetown
20%
Gitega
20%
Harare
20%
Honiara
20%
Lilongwe
20%
Majuro
20%
Malabo
20%
Male
20%
Manama
20%
Maseru
20%
Mogadishu
20%
Muscat
20%
Naypyidaw
20%
N'Djamena
20%
Niamey
20%
Nouakchott
20%
Nuku'alofa
20%
Ouagadougou
20%
Palikir
20%
Podgorica
20%
Port Vila
20%
Praia
20%
Sana'a
20%
Sri Jayawardenapura Kotte
20%
Tegucigalpa
20%
Thimphu
20%
Vientiane
20%
Yamoussoukro
20%
Yaounde
20%
Yaren
20%
Yerevan
20%
Melekeok
0%
Tarawa Atoll
0%
No matching quizzes found
Score Distribution
Percent of People with Each Score
Percentile by Number Answered
Your Score History
You have not taken this quiz